Jesucristo nuestro Señor

Сохранить в:
Библиографические подробности
Главный автор: Videla Torres, Alfredo (Автор)
Формат:
Язык:испанский
Опубликовано: Santiago Salesiana 1964
Редактирование:2a. ed
Предметы:
Метки: Добавить метку
Нет меток, Требуется 1-ая метка записи!

MARC

LEADER 00000nam a2200000 a 4500
001 UCL1799
003 CL-VaPUC
008 030926e19640000CL |||||||||||||||||spa|d
082 0 4 |a 232  |b VID  |2 21 
100 0 |a Videla Torres, Alfredo  |e author  |9 478631 
245 1 0 |a Jesucristo nuestro Señor 
250 |a 2a. ed 
300 |a 163 p 
942 |c BK 
945 |d 20030926 00:00:00  |a vberengu 
260 |a Santiago  |b Salesiana  |c 1964 
600 0 |a Jesús  |9 313614 
650 0 |a Cristología   |9 315091 
583 |a last modification  |c 20030926 00:00:00  |k Rodrigo Vera 
999 |c 305239  |d 305237 
952 |0 0  |1 2  |4 0  |6 232_000000000000000_VID_1964  |7 0  |8 A  |9 368363  |a BIBTEO  |b BIBTEO  |d 2019-11-21  |i 2078740  |o 232 VID 1964  |p 2078740  |r 2019-11-21  |w 2019-11-21  |x Descarte 2019  |y BK  |k ICR